000 00332nam a2200121 i 4500
001 bg
245 0 _aOsnovy rasceta i konstruirovanija masin i automatov piscevych proizvidstv /
_cpod.red. A.J.M. Sokolova.
260 _aMoskva,
_c1969.
040 _cBPK
041 _apol
942 _cKS
008 s pl f |000 0 pol
999 _c23837
_d23837
856 _uhttp://koha.tu.koszalin.pl/cgi-bin/koha/opac-detail.pl?biblionumber=23837
_yKatalog online BPK